[Event "Ceriano Laghetto op-C 19th"]
[Site "Ceriano Laghetto"]
[Date "2010.03.??"]
[Round "5"]
[White "Lisimberti, Giuseppe"]
[Black "Urso, Emanuele"]
[Result "1-0"]
[WhiteElo "1413"]
[BlackElo "1398"]
[PlyCount "85"]
[EventDate "2010.03.??"]
[EventType "swiss"]
[EventRounds "5"]
[EventCountry "ITA"]
[SourceTitle "EXT 2024"]
[Source "ChessBase"]
[SourceDate "2023.10.10"]
[SourceVersion "1"]
[SourceVersionDate "2023.10.10"]
[SourceQuality "1"]

1. e4 c5 2. c3 e5 3. Nf3 Nc6 4. Bc4 h6 5. 0-0 d6 6. Re1 Bg4 7. d3 Qf6 8. Be3 Bxf3 9. Qxf3 Qxf3 10. gxf3 Be7 11. f4 f6 12. Be6 Nd8 13. Bd5 h5 14. Nd2 g5 15. fxg5 fxg5 16. Kh1 Nf6 17. Nf3 Nxd5 18. exd5 Rg8 19. Rg1 Nf7 20. Nd2 0-0-0 21. c4 g4 22. f3 Bg5 23. Bxg5 Nxg5 24. fxg4 Nh3 25. Rg2 Rdf8 26. Rf1 Rxf1+ 27. Nxf1 Rf8 28. Rd2 Nf2+ 29. Kg2 Nxg4 30. h3 Nh6 31. h4 Nf5 32. Kh3 Nxh4 33. Kxh4 Rxf1 34. Kxh5 Kd7 35. Rc2 Ke7 36. Rg2 Rf7 37. Rg6 Rf6 38. Rg7+ Rf7 39. Kg6 Rxg7+ 40. Kxg7 b6 41. b3 a6 42. a4 a5 43. Kg6 1-0